000 00814nam a2200253 a 4500
001 9359
003 BD-RjUL
005 20211208234750.0
008 140120r19651964nju 001 0 eng d
035 _a(BD-RjUL)9404
040 _aANL
_beng
_cANL
_dBD-RjUL
041 _aeng
082 0 4 _a339.3
_bSCN 1965
100 1 _aSchultze, Charles L.
_913815
245 1 0 _aNational income analysis. /
_cby Charles L. Schultze
260 _aEnglewood Cliffs, N.J. :
_bPrentice-Hall,
_cc1964 [reprinted 1965].
300 _ax, 145 p. :
_bill. ;
_c23 cm.
490 0 _aPrentice-Hall foundations of modern economics series
500 _a"Selected readings": p. 137-138.
504 _aIncludes index.
650 0 _aGross national product
_zUnited States.
_913817
650 0 _aGross national product.
_929001
942 _2ddc
_cBK
999 _c9359
_d9359